Statistics for Top 10 Croatian PL appearance makers

Click here to take the quiz!

General Stats

  • This quiz has been taken 97 times
  • The average score is 4 of 10

Answer Stats

AppsAnswer% Correct
127Modric
94%
109Lovren
50%
119Corluka
48%
154Kranjcar
47%
114Jelavic
34%
76Bilic
29%
100Stimac
22%
68Boksic
21%
72Biscan
17%
78Klasnic
11%

Score Distribution

Percentile by Number Answered

Percent of People with Each Score

Your Score History

You have not taken this quiz